Thắng pháp trên bầu trời Điện Biên Phủ

Uloženo v:
Podrobná bibliografie
Hlavní autor: Lưu, Trọng Lân
Médium: Kniha
Jazyk:Undetermined
Vydáno: Hà Nội Quân đội Nhân dân 2004
Témata:
Tagy: Přidat tag
Žádné tagy, Buďte první, kdo otaguje tento záznam!
Thư viện lưu trữ: Trung tâm Học liệu Trường Đại học Cần Thơ
LEADER 00582nam a2200193Ia 4500
001 CTU_93751
008 210402s9999 xx 000 0 und d
020 |c 38000 
082 |a 959.7041 
082 |b L121 
100 |a Lưu, Trọng Lân 
245 0 |a Thắng pháp trên bầu trời Điện Biên Phủ 
245 0 |c Lưu Trọng Lân 
260 |a Hà Nội 
260 |b Quân đội Nhân dân 
260 |c 2004 
650 |a Dien Bien Phu (Vietnam), battle of, 1954 
904 |i Mai Loan 
980 |a Trung tâm Học liệu Trường Đại học Cần Thơ